00788nam a22002417a 45000010005000000030006000050050017000110080041000280200017000690400029000860500019001150820011001341000021001452450045001662600038002113000048002494900019002975050008003165200142003245210029004665210020004956500031005157980FISKH20251210103940.0250815b cb ||||| |||| 00| 0 eng d a040296004702 aFISKHbengcFISKHdFISKH aQL696.S473 R47 a598.47 aResnick, Jane P. aPenguins / cWritten by Jane P. Resnick  aChicago :bKidsbooks Inc, c1997. a29 pages : bcolor illustrations ;c24 cm . aEyes on Nature aQ  aDescribes, in brief text and illustrations, the physical characteristics, habits, and natural environment of various species of penguins.8 a660 bLexile estimate 8 aQ bRaz-Plus  aPolar animalsvNon-fiction